Droit Civil L1 Semestre 1 (1/10) - Statistiques

Statistiques générales
  • Ce quiz a été pris 674 fois
  • Le résultat moyen est 12 sur 15
Statistiques - réponses
Hint Réponse % Correct
Comment s’appelle la personne chargée de surveiller le tuteur et d’éviter les conflits d’intérêts ? Subrogé-tuteur
91%
Comment s’appelle le domicile choisi pour certaines affaires déterminées ? Domicile élu
90%
Comment s’appelle l’ingérence consistant à révéler publiquement des éléments de la vie privée ? Divulgation
87%
Comment s’appelle la règle appliquée lorsqu’une loi nouvelle régit immédiatement les situations en cours ? Effet immédiat de la loi nouvelle
84%
Comment s’appelle l’aptitude à acquérir des droits ? Capacité de jouissance
83%
Quel est le principe général d’acquisition de la personnalité juridique de la personne physique ? Être né vivant et viable
83%
Quel principe justifie l’interdiction de marchandisation des organes ? Indisponibilité du corps humain
83%
Quel article du Code civil organise l'attribution du nom de famille par filiation ? Article 311-21
81%
Comment s’appelle la disparition de la force obligatoire d’une loi par décision du législateur ? Abrogation
80%
Comment s’appelle l’acte juridique qui résulte de la volonté d’une seule personne ? Acte unilatéral
78%
Quelle est la définition légale du contrat (forme simplifiée) ? Accord de volontés destiné à créer, modifier ou éteindre des obligations
76%
Comment s’appelle l'acte rédigé par un officier public compétent ? Acte authentique
75%
Comment s’appelle le lieu du principal établissement de la personne ? Domicile
66%
Quel article du Code civil reconnaît la même force probante à l’écrit électronique qu’au papier ? Article 1366
61%
Comment s’appelle la manifestation de volonté destinée à produire des effets de droit ? Acte juridique
36%
Aucun quiz correspondant
Distribution des résultats
% des personnes avec chaque résultat
Percentile par nombre de réponses
Votre historique - résultats
Vous n’avez pas pris ce quiz